Real-time digital signal processing based on the TMS320C6000 (Record no. 10017)

000 -LEADER
fixed length control field 00721 a2200181 4500
020 ## - INTERNATIONAL STANDARD BOOK NUMBER
International Standard Book Number 0750678305
020 ## - INTERNATIONAL STANDARD BOOK NUMBER
International Standard Book Number 9780750678308
040 ## - CATALOGING SOURCE
Original cataloging agency DLC
Language of cataloging DLC
100 1# - MAIN ENTRY--PERSONAL NAME
Personal name Kehtarnavaz, Nasser.
245 10 - TITLE STATEMENT
Title Real-time digital signal processing based on the TMS320C6000
Statement of responsibility, etc. Nasser Kehtarnavaz ; with laboratory contributions by Namjin Kim.
246 3# - VARYING FORM OF TITLE
Title proper/short title Real-time digital signal processing based on the TMS320C6000
260 ## - PUBLICATION, DISTRIBUTION, ETC.
Place of publication, distribution, etc. Amsterdam ;
-- Boston :
Name of publisher, distributor, etc. Elsevier ;
-- Newnes,
Date of publication, distribution, etc. c2005.
300 ## - PHYSICAL DESCRIPTION
Extent xii, 306 p. :
Other physical details ill. ;
Dimensions 24 cm. +
Accompanying material 1 CD-ROM (4 3/4 in.)
500 ## - GENERAL NOTE
General note Includes index.
650 #0 - SUBJECT ADDED ENTRY--TOPICAL TERM
Topical term or geographic name entry element Signal processing
General subdivision Digital techniques.
650 #0 - SUBJECT ADDED ENTRY--TOPICAL TERM
Topical term or geographic name entry element Texas Instruments TMS320 series microprocessors.
942 ## - ADDED ENTRY ELEMENTS (KOHA)
Koha item type Book
Call number prefix 621.3822 KEH
Source of classification or shelving scheme
Holdings
Withdrawn status Lost status Damaged status Not for loan Collection code Permanent Location Current Location Shelving location Date acquired Source of acquisition Cost, normal purchase price Total Checkouts Full call number Barcode Date last seen Date last checked out Price effective from Koha item type
          Central Library (CL) Central Library (CL) General Stacks 11/28/2005 A & J Def Tek Concultants 3202.59 2 621.3822 KEH SEECS006708 08/30/2016 08/08/2016 01/05/2017 Book
© 2023 Central Library, National University of Sciences and Technology. All Rights Reserved.